000 00297nam a22001337a 4500
008 181017b xxu||||| |||| 00| 0 eng d
020 _a9780393919394
041 _aeng
080 _24 ed
_a910
100 _a42
101 _aGEO
245 _aE3ssentials Geology
_cMarshak.S
942 _2udc
_cBK
999 _c50034
_d50034